LEADER 02812nam2 2200541 i 450 001 CFI0041389 005 20231121125430.0 010 $a8831191209 020 $aIT$b90-1295 100 $a20070623d1984 ||||0itac50 ba 101 | $aita$alat 102 $ait 181 1$6z01$ai $bxxxe 182 1$6z01$an 200 1 $a˜32.2: œDiscorsi. 4.2 (230-272/B)$eSu i tempi liturgici$etesto latino dell'edizione maurina e delle edizioni postmaurine$fsant'Agostino$gtraduzione e note: P. Bellini, F. Cruciani, V. Tarulli$gindici: Franco Monteverde 210 $aRoma$cNuova biblioteca agostiniana$cCittà nuova$d[1984] 215 $aP. 552-1168, [3] c. di tav.$cill.$d24 cm 300 $aNell'occhietto: Parte 3.: Discorsi, volume 32.2 312 $aDa: Sermones.$9BVEE001117 461 1$1001CFI0025514$12001 $aOpere di sant'Agostino$v32.2 500 10$aSermones.$3BVEE001117$9CFIV004595$921779 676 $a230$9Cristianesimo, teologia cristiana.$v21 700 1$aAugustinus$b, Aurelius$c $3CFIV004595$4070$0152280 702 1$aBellini$b, Piero$f <1926- >$3CFIV013797 702 1$aMonteverde$b, Franco$f <1933-2018>$3CFIV033106 702 1$aTarulli$b, Vincenzo$3CFIV050331 702 1$aCruciani$b, Federico$3CFIV072309 790 0$aAugustinus Aurelius$c $3BVEV021814$zAugustinus, Aurelius 790 0$aAgostino : d'Ippona$c $3CFIV013519$zAugustinus, Aurelius 790 1$aAgostino$b, Aurelio$c $3CFIV030601$zAugustinus, Aurelius 790 0$aAugustinus : von Hippo$c $3CFIV130059$zAugustinus, Aurelius 790 0$aAurelio Agostino$c $3CFIV137762$zAugustinus, Aurelius 790 0$aAgostino$c $3CFIV157151$zAugustinus, Aurelius 790 0$aAgostino$3CFIV211414$zAugustinus, Aurelius 790 0$aAugustinus : Hipponensis$c $3RMLV215613$zAugustinus, Aurelius 801 3$aIT$bIT-01$c20070623 850 $aIT-RM028 $aIT-RM0290 $aIT-RM0281 $aIT-FR0084 $aIT-RM0151 $aIT-FR0017 899 $aBiblioteca Universitaria Alessandrina$bRM028 899 $aBIBLIOTECA ANGELICA$bRM0290 899 $aBIBLIOTECA VALLICELLIANA$bRM0281 899 $aBiblioteca Del Monumento Nazionale Di Montecassino$bFR0084 899 $aBiblioteca Istituto Storico Italiano Medio Evo - I$bRM0151 899 $aBiblioteca umanistica Giorgio Aprea$bFR0017 $eN 912 $aCFI0041389 950 2$aBiblioteca umanistica Giorgio Aprea$d 52MAG 3 Coll A 32.2$e 52BUN0000088865 VMB RS $fA $h20200714$i20200714 977 $a 01$a 06$a 08$a 25$a 41$a 52 996 $aSermones$921779 997 $aUNICAS LEADER 05373nam 2200733Ia 450 001 9910141318203321 005 20200520144314.0 010 $a9786613618993 010 $a9781280589164 010 $a1280589167 010 $a9780471431633 010 $a047143163X 010 $a9780471722199 010 $a0471722197 010 $a9781118274422 010 $a1118274423 035 $a(CKB)2670000000148267 035 $a(EBL)848520 035 $a(OCoLC)775437886 035 $a(SSID)ssj0000622291 035 $a(PQKBManifestationID)11388575 035 $a(PQKBTitleCode)TC0000622291 035 $a(PQKBWorkID)10655012 035 $a(PQKB)10261312 035 $a(MiAaPQ)EBC848520 035 $a(Perlego)2763224 035 $a(EXLCZ)992670000000148267 100 $a20030305d2003 uy 0 101 0 $aeng 135 $aur|n|---||||| 181 $ctxt 182 $cc 183 $acr 200 10$aLinear regression analysis /$fGeorge A.F. Seber, Alan J. Lee 205 $a2nd ed. 210 $aHoboken, N.J. $cWiley-Interscience$dc2003 215 $a1 online resource (584 p.) 225 1 $aWiley series in probability and statistics 300 $aDescription based upon print version of record. 311 08$a9780471415404 311 08$a0471415405 320 $aIncludes bibliographical references and index. 327 $aLinear Regression Analysis; Contents; Preface; 1 Vectors of Random Variables; 1.1 Notation; 1.2 Statistical Models; 1.3 Linear Regression Models; 1.4 Expectation and Covariance Operators; Exercises 1a; 1.5 Mean and Variance of Quadratic Forms; Exercises 1b; 1.6 Moment Generating Functions and Independence; Exercises 1c; Miscellaneous Exercises 1; 2 Multivariate Normal Distribution; 2.1 Density Function; Exercises 2a; 2.2 Moment Generating Functions; Exercises 2b; 2.3 Statistical Independence; Exercises 2c; 2.4 Distribution of Quadratic Forms; Exercises 2d; Miscellaneous Exercises 2 327 $a3 Linear Regression: Estimation and Distribution Theory3.1 Least Squares Estimation; Exercises 3a; 3.2 Properties of Least Squares Estimates; Exercises 3b; 3.3 Unbiased Estimation of ?2; Exercises 3c; 3.4 Distribution Theory; Exercises 3d; 3.5 Maximum Likelihood Estimation; 3.6 Orthogonal Columns in the Regression Matrix; Exercises 3e; 3.7 Introducing Further Explanatory Variables; 3.7.1 General Theory; 3.7.2 One Extra Variable; Exercises 3f; 3.8 Estimation with Linear Restrictions; 3.8.1 Method of Lagrange Multipliers; 3.8.2 Method of Orthogonal Projections; Exercises 3g 327 $a3.9 Design Matrix of Less Than Full Rank3.9.1 Least Squares Estimation; Exercises 3h; 3.9.2 Estimable Functions; Exercises 3i; 3.9.3 Introducing Further Explanatory Variables; 3.9.4 Introducing Linear Restrictions; Exercises 3j; 3.10 Generalized Least Squares; Exercises 3k; 3.11 Centering and Scaling the Explanatory Variables; 3.11.1 Centering; 3.11.2 Scaling; Exercises 3l; 3.12 Bayesian Estimation; Exercises 3m; 3.13 Robust Regression; 3.13.1 M-Estimates; 3.13.2 Estimates Based on Robust Location and Scale Measures; 3.13.3 Measuring Robustness; 3.13.4 Other Robust Estimates; Exercises 3n 327 $aMiscellaneous Exercises 34 Hypothesis Testing; 4.1 Introduction; 4.2 Likelihood Ratio Test; 4.3 F-Test; 4.3.1 Motivation; 4.3.2 Derivation; Exercises 4a; 4.3.3 Some Examples; 4.3.4 The Straight Line; Exercises 4b; 4.4 Multiple Correlation Coefficient; Exercises 4c; 4.5 Canonical Form for H; Exercises 4d; 4.6 Goodness-of-Fit Test; 4.7 F-Test and Projection Matrices; Miscellaneous Exercises 4; 5 Confidence Intervals and Regions; 5.1 Simultaneous Interval Estimation; 5.1.1 Simultaneous Inferences; 5.1.2 Comparison of Methods; 5.1.3 Confidence Regions 327 $a5.1.4 Hypothesis Testing and Confidence Intervals5.2 Confidence Bands for the Regression Surface; 5.2.1 Confidence Intervals; 5.2.2 Confidence Bands; 5.3 Prediction Intervals and Bands for the Response; 5.3.1 Prediction Intervals; 5.3.2 Simultaneous Prediction Bands; 5.4 Enlarging the Regression Matrix; Miscellaneous Exercises 5; 6 Straight-Line Regression; 6.1 The Straight Line; 6.1.1 Confidence Intervals for the Slope and Intercept; 6.1.2 Confidence Interval for the x-Intercept; 6.1.3 Prediction Intervals and Bands; 6.1.4 Prediction Intervals for the Response 327 $a6.1.5 Inverse Prediction (Calibration) 330 $aConcise, mathematically clear, and comprehensive treatment of the subject.* Expanded coverage of diagnostics and methods of model fitting.* Requires no specialized knowledge beyond a good grasp of matrix algebra and some acquaintance with straight-line regression and simple analysis of variance models.* More than 200 problems throughout the book plus outline solutions for the exercises.* This revision has been extensively class-tested. 410 0$aWiley series in probability and statistics. 606 $aRegression analysis 606 $aMultivariate analysis 615 0$aRegression analysis. 615 0$aMultivariate analysis. 676 $a519.5/36 700 $aSeber$b G. A. F$g(George Arthur Frederick),$f1938-$020688 701 $aLee$b A. J.$f1946-$0942453 801 0$bMiAaPQ 801 1$bMiAaPQ 801 2$bMiAaPQ 906 $aBOOK 912 $a9910141318203321 996 $aLinear regression analysis$92126768 997 $aUNINA